Atlas of fundus fluorescein angiography for approaching macular diseases : (Record no. 612198)
[ view plain ]
| 000 -LEADER | |
|---|---|
| fixed length control field | 01062nam a22001931a 4500 |
| 040 ## - CATALOGING SOURCE | |
| Original cataloging agency | NSHSPK |
| 082 ## - DEWEY DECIMAL CLASSIFICATION NUMBER | |
| Classification number | 617.735 |
| Author Mark | MAR |
| 100 1# - MAIN ENTRY--PERSONAL NAME | |
| Personal name | Marashi, Ameen |
| Relator term | author. |
| 9 (RLIN) | 126562 |
| 245 10 - TITLE STATEMENT | |
| Title | Atlas of fundus fluorescein angiography for approaching macular diseases : |
| Remainder of title | FFA's approach / |
| Statement of responsibility, etc. | Ameen Marashi. |
| 260 ## - PUBLICATION, DISTRIBUTION, ETC. | |
| Place of publication, distribution, etc. | Connecticut, USA : |
| Name of publisher, distributor, etc. | [Self Publication], |
| Date of publication, distribution, etc. | 2024. |
| 300 ## - PHYSICAL DESCRIPTION | |
| Extent | 143 pages : |
| Other physical details | illustrations (chiefly color) ; |
| Dimensions | 23cm. |
| 504 ## - BIBLIOGRAPHY, ETC. NOTE | |
| Bibliography, etc. note | Includes bibliographical references and index. |
| 520 ## - SUMMARY, ETC. | |
| Summary, etc. | This atlas provides a comprehensive guide to fundus fluorescein angiography (FFA) with a focus on diagnosing macular diseases. It includes high-quality imaging to aid ophthalmologists in interpreting FFA results for clinical decision-making. |
| 650 #0 - SUBJECT ADDED ENTRY--TOPICAL TERM | |
| Topical term or geographic name entry element | Fluorescein angiography |
| Form subdivision | Atlases. |
| 9 (RLIN) | 126563 |
| 651 #0 - SUBJECT ADDED ENTRY--GEOGRAPHIC NAME | |
| Geographic name | Macula lutea |
| General subdivision | Diseases |
| -- | Diagnosis |
| Form subdivision | Atlases. |
| 9 (RLIN) | 126564 |
| 651 #0 - SUBJECT ADDED ENTRY--GEOGRAPHIC NAME | |
| Geographic name | Retinal vascular diseases |
| General subdivision | Imaging |
| Form subdivision | Atlases. |
| 9 (RLIN) | 126565 |
| 942 ## - ADDED ENTRY ELEMENTS (KOHA) | |
| Source of classification or shelving scheme | |
| Koha item type | Book |
| Withdrawn status | Lost status | Source of classification or shelving scheme | Damaged status | Not for loan | Permanent Location | Current Location | Shelving location | Date acquired | Source of acquisition | Cost, normal purchase price | Full call number | Barcode | Date last seen | Copy number | Cost, replacement price | Price effective from | Koha item type |
|---|---|---|---|---|---|---|---|---|---|---|---|---|---|---|---|---|---|
| NUST School of Health Sciences (NSHS) | NUST School of Health Sciences (NSHS) | General Stacks | 09/26/2024 | Progressive International Agencies (Pvt) Limited | 15126.24 | 617.735 MAR | NSHS-1817 | 10/29/2024 | c.1 | 30252.40 | 09/26/2024 | Book | |||||
| NUST School of Health Sciences (NSHS) | NUST School of Health Sciences (NSHS) | General Stacks | 09/26/2024 | Progressive International Agencies (Pvt) Limited | 15126.24 | 617.735 MAR | NSHS-1818 | 10/29/2024 | c.2 | 30252.40 | 09/26/2024 | Book | |||||
| Not For Loan | NUST School of Health Sciences (NSHS) | NUST School of Health Sciences (NSHS) | Reference | 09/26/2024 | Progressive International Agencies (Pvt) Limited | 15126.24 | R 617.735 MAR | NSHS-1819 | 10/29/2024 | c.3 | 30252.40 | 09/26/2024 | Book |
